| 000 | 00442 a2200169 4500 | ||
|---|---|---|---|
| 003 | Nust | ||
| 005 | 20251015125735.0 | ||
| 040 | _cNust | ||
| 082 | _a621.382 | ||
| 100 |
_aRashid, Capt (TE-21) _9131153 |
||
| 245 |
_aDiscrete fourier transform / _cCapt Rashid , Capt Mohsin , Capt Mirza, Lt Shahzad |
||
| 260 |
_aUTE,Lahore _bMCS _c1989 |
||
| 300 | _a17,p.; | ||
| 650 |
_aUG Projects _998716 |
||
| 651 |
_aTE-21 _9131152 |
||
| 942 |
_cPR _2ddc |
||
| 999 |
_c182066 _d182066 |
||